Vplyv silného rastu na zmeny štruktúry a trhu práce v slovenskej ekonomike

Charakteristika zmeny pozície jednotlivých sektorov a odvetví ekonomiky v dôsledku silného hospodárskeho rastu slovenskej ekonomiky a situácia na trhu práce. Analýza trendov v odvetvovej štruktúre hrubého domáceho produktu, na trhu práce, vo vývoji produkcie a zahraničného obchodu s osobitným zreteľ...

Full description

Saved in:
Bibliographic Details
Main Author: Gabrielová, Herta
Other Authors: Rumpelová, Daniela, 1982-
Format: Book Chapter
Language:Slovak
Subjects:
Tags: Add Tag
No Tags, Be the first to tag this record!

MARC

LEADER 00000naa$a2200000$$$4500
001 0062893
005 20240502071720.8
041 0 |a slo 
044 |a SK 
245 1 0 |a Vplyv silného rastu na zmeny štruktúry a trhu práce v slovenskej ekonomike  |c Herta Gabrielová, Daniela Rumpelová 
520 |a Charakteristika zmeny pozície jednotlivých sektorov a odvetví ekonomiky v dôsledku silného hospodárskeho rastu slovenskej ekonomiky a situácia na trhu práce. Analýza trendov v odvetvovej štruktúre hrubého domáceho produktu, na trhu práce, vo vývoji produkcie a zahraničného obchodu s osobitným zreteľom na zmeny v jeho technologickej náročnosti. Analýza zmien vo finančnej pozícií korporácií. 
610 2 0 |a rast hospodársky 
610 2 0 |a Slovensko 
610 2 0 |a trh práce 
610 2 0 |a odvetvia činnosti ekonomickej 
610 2 0 |a produkt domáci hrubý 
610 2 0 |a produkcia 
610 2 0 |a obchod zahraničný 
610 2 0 |a korporácie 
100 1 |a Gabrielová, Herta 
700 1 |a Rumpelová, Daniela, 1982-